00437nam a2200133Ia 4500008004100000020001800041082001700059100002100076245007600097260002200173300001100195500003500206650006200241120622s9999 xx 000 0 und d a968-18-4873-X a512.13 G294a aGechtman, Murray aAlgebra y trigonometría con geometría analítica / Murray Gechtman aMéxico : Limusa a699 p. aTítulo original: Precalculus a1. ALGEBRA \ 2. TRIGONOMETRIA \ 3. GEOMETRIA ANALITICAÌ